000 00561nam a2200193Ia 4500
003 GCL
008 140319s9999 xx 000 0 ara d
040 _aGCL /
_cGCL
082 0 4 _a813.085
_bم ر
100 1 _aمجدى صابر
245 1 0 _aلعبة الحب /
_cمجدى صابر
260 _a[S.N] :
_bدار الجيل ،
_c1992
300 _a103
490 _aروايات الجيل الرومانسية
_v0
650 0 4 _aالادب العربى
650 0 4 _aالقصص العربية
650 0 4 _aالقصص العاطفية
942 _2ddc
_cBK
999 _c56996
_d56996